Normal view
MARC view
- Hart, H. L. A.
Entry Personal Name
001 - CONTROL NUMBER
- control field: 94424
003 - CONTROL NUMBER IDENTIFIER
- control field: NUST
005 - DATE AND TIME OF LATEST TRANSACTION
- control field: 20220721151133.0
008 - FIXED-LENGTH DATA ELEMENTS
- fixed length control field: 220721|| aca||aabn | a|a d
040 ## - CATALOGING SOURCE
- Original cataloging agency: NUST
- Transcribing agency: NUST
100 ## - HEADING--PERSONAL NAME
- Personal name: Hart, H. L. A.
- Fuller form of name: (Herbert Lionel Adolphus),
- Dates associated with a name: 1907-1992
670 ## - SOURCE DATA FOUND
- Source citation: Work cat.: (NUST)0: Hart, H. L. A. (Herbert Lionel Adolphus), 1907-1992., Law, liberty, and morality /, 1963.
